Developments in power-system protection

Guardat en:
Dades bibliogràfiques
Autor corporatiu: Power Division of The Institution of Electrical Engineers (Autor), The Institution of Electrical Engineers (Autor)
Format: Llibre
Idioma:anglès
Publicat: Londres The Institution of Electrical Engineers 1980
Col·lecció:IEE Conference Publication, 185
Matèries:
Etiquetes: Afegir etiqueta
Sense etiquetes, Sigues el primer a etiquetar aquest registre!

MARC

LEADER 00000nam a2200000 a 4500
001 UCU5290
003 CL-VaPUC
005 20250228151745.0
008 960531e19800000uk 1 eng d
082 0 4 |a 621.319  |b POW  |2 21 
110 2 |a Power Division of The Institution of Electrical Engineers  |e author  |9 617808 
710 2 |a The Institution of Electrical Engineers  |e author  |9 617809 
245 1 0 |a Developments in power-system protection 
260 |a Londres  |b The Institution of Electrical Engineers  |c 1980 
300 |a 302 p 
490 0 |a IEE Conference Publication, 185 
583 |a last modification  |c 19960531 00:00:00  |k Rodrigo Vera 
650 0 7 |a GENERADORES ELECTRICOS  |2 CL-VaPUC  |9 617810 
650 0 0 |a Voltaje   |9 362861 
650 0 0 |a Alto voltaje  |9 362908 
650 0 0 |a Transformadores  |9 345471 
650 0 0 |a Motores eléctricos   |9 260085 
942 |c BK 
945 |a paguirre  |d 19960531 00:00:00 
546 |a En Inglés 
518 |p International Conference on Developments in Power-System Protection, 2, Londres, 10 al 12 de Junio de 1980 
999 |c 382655  |d 382653 
952 |0 0  |1 0  |4 0  |6 621_319000000000000_POW_1980  |7 0  |8 A  |9 504461  |a BIBING  |b BIBING  |d 2020-01-23  |i 1670255  |o 621.319 POW 1980  |p 1670255  |r 2025-01-20  |w 2020-01-23  |y BK  |k EIE